Регионална библиотека "Любен Каравелов" - Русе

Отмъстителят (Запис номер 65982)

MARC детайли
000 -Лидер
Контролно поле с фиксирана дължина 01263nam a2200349 c 4500
003 - Код на организацията, давaща контролен номер
Контролно поле BLK
005 - Дата и час на последна редакция
Контролно поле 20250624094628.0
008 - Елементи от данни с фиксирана дължина
fixed length control field 180408b bul|||||r ||||||| ||bul||
010 ## - Наследен системен номер
LC control number KNG00070267000
020 ## - Международен стандартен номер на книга ISBN
Международен стандартен номер на книга ISBN 954-585-495-2
-- издат.: Бард
040 ## - Източник на каталожния запис
Идентификатор на билиотеката - собственик на записа BLK
041 ## - Код за език
Код за езика на текст/звукозапис или на отделно заглавие Български
Код за езика КДБФ Български
080 ## - УДК
Текстов определител УДК Английска литература
УДК код - определител по УДК 821.111
УДК определител -312.4
УДК - код + определител 821.111-312.4
100 1# - Редна дума - Автор
Автор Форсайт, Фредерик
Авторска отговорност първи автор
R(LIN) 242148
139 ## - Редно поле
Редна дума Форсайт, Фредерик
Авторски знак Форе - Ф 72
245 10 - Сведения за заглавието
Заглавие Отмъстителят
Подзаглавни данни Роман
Редно поле (дума) Фредерик Форсайт; прев. от англ. Крум Ернстов Бъчваров.
257 ## - Страна на издаване
Страна на създаване/издаване Великобритания
260 ## - Област на издателските данни
-- София
Име на издателя, разпространителя и проч. Бард
Година на издаване 2003
300 ## - Физическа характеристика
Страници 302 с.
Размери/Мащаб 20 см
380 ## - Жанр
Жанр Худож. лит.
490 1# - СЕРИИ (Колекции)
Име на серия Кралете на трилъра
500 ## - Общи забележки
Забележка Ориг. загл. A Venger / Frederick Forsyth. - Офс. изд.
653 ## - Ключова дума – ненормативна
Ключова дума трилъри
653 ## - Ключова дума – ненормативна
Ключова дума романи
700 1# - Други автори (авторска отговорност)
Лично име Бъчваров, Крум Ернстов
Автороска отговорност (Описва отношението между автора и произведението) прев. от англ.
9 (RLIN) 365175
852 ## - Местоположение
Форматна сигнатура Цб 230606
856 4# - Електронен адрес и достъп
Електронен формат pdf - файл
Път до файла /url/
856 4# - Електронен адрес и достъп
Електронен формат pdf - файл
Път до файла /url/
942 ## - АРТИКУЛИ
Вид на библиотечния материал Книги
Скрит в OPAC Не
Koha issues (borrowed), all copies 45
944 ## - СЪЗДАВАНЕ И РЕДАКЦИЯ на ЗАПИСА
Създаване/Редакция Създаване
Дата на регистрацията/редакция 27.12.2006
Служител, извършил регистрацията/редакцията 30535
Статус, дата на статуса Христина Везирева
944 ## - СЪЗДАВАНЕ И РЕДАКЦИЯ на ЗАПИСА
Създаване/Редакция Редакция
Дата на регистрацията/редакция 13.05.2008
Служител, извършил регистрацията/редакцията
999 ## - СИСТЕМНИ КОНТРОЛНИ НОМЕРА
Koha biblionumber 65982
Koha biblioitemnumber 65982
Наличности
Код за отписване Код за изгубен артикул Източник на класификационната схема Код за повреда Коз за рестрикции Код за отдаване Артикулен № Име на библиотеката - собственик Име на библиотеката, в която се намира в момента Статус (Текущо местоположение) Дата на вписване в системата Местоположение - отдел Цена в лева Инвентарен номер Систематично азбучна сигнатура Баркод Номер на екземпляра Цена в евро Служебна бележка Служебен тип на артикула
Изтеглен Не е изгубен Universal Decimal Classification Не е повреден без рестрикции заемане за дома 109005 Регионална библиотека "Любен Каравелов" Русе Регионална библиотека "Любен Каравелов" Русе Заемна - подръчен фонд 2006-12-28 Заемна - подръчен фонд 8.99 120000707938 П 820-31/Ф 72 120000707938 1 4.60 Дост: Pk Вид: Ф N: 47857 Дата: 21.12.2006 Книги
  Не е изгубен   Не е повреден без рестрикции ползва се в читалня 109006 Регионална библиотека "Любен Каравелов" Русе Регионална библиотека "Любен Каравелов" Русе Хранилище 2007-03-14 Хранилище 8.99 120000711101 Цб 230606 120000711101 2 4.60 Дост: Dp Вид: Д N: 27 Дата: 14.06.2006 Книги
  Не е изгубен Universal Decimal Classification Не е повреден без рестрикции заемане за дома 109007 Регионална библиотека "Любен Каравелов" Русе Регионална библиотека "Любен Каравелов" Русе Заемна - подръчен фонд 2007-06-28 Заемна - подръчен фонд 8.99 120000715116 П 820-31/Ф 72 120000715116 3 4.60 Дост: DA Вид: А N: 5 Дата: 28.06.2007 Книги
  Не е изгубен   Не е повреден без рестрикции заемане за дома 109008 Регионална библиотека "Любен Каравелов" Русе Регионална библиотека "Любен Каравелов" Русе Заемна - подръчен фонд 2007-12-10 Заемна - подръчен фонд 9.99 120000720963 П 820-31/Ф 72 120000720963 4 5.11 Дост: Pk Вид: Ф N: 152 Дата: 05.12.2007 Дата инв: 15.02.2018 Бележки инв: П2018 Книги
Изтеглен Не е изгубен Universal Decimal Classification Не е повреден без рестрикции заемане за дома 109009 Регионална библиотека "Любен Каравелов" Русе Регионална библиотека "Любен Каравелов" Русе Заемна - подръчен фонд 2008-05-12 Заемна - подръчен фонд 9.99 120000726224 П 820-31/Ф 72 120000726224 5 5.11 Дост: Pk Вид: Ф N: 185 Дата: 10.05.2008 Книги
Vip Innovations Ltd, Rousse, Bulgaria 2025